2024年教育部直属高等学校 Universities directly under the Ministry of Education - Statistics

General Stats
  • This quiz has been taken 81 times
  • The average score is 52 of 75
Answer Stats
Hint Answer % Correct
北京 北京大学
100%
北京 清华大学
100%
上海 复旦大学
97%
浙江 浙江大学
97%
上海 上海交通大学
95%
江苏 南京大学
95%
山东 山东大学
95%
湖南 湖南大学
95%
天津 南开大学
94%
天津 天津大学
94%
湖北 武汉大学
94%
重庆 重庆大学
94%
福建 厦门大学
92%
广东 中山大学
92%
四川 四川大学
92%
陕西 西安交通大学
92%
吉林 吉林大学
91%
山东 中国海洋大学
91%
甘肃 兰州大学
91%
北京 中国人民大学
89%
上海 华东师范大学
89%
湖北 华中科技大学
88%
辽宁 东北大学
86%
上海 同济大学
86%
北京 北京师范大学
84%
湖南 中南大学
84%
湖北 华中师范大学
83%
四川 西南大学
83%
辽宁 大连理工大学
81%
江苏 东南大学
81%
广东 华南理工大学
78%
四川 电子科技大学
78%
北京 中国农业大学
77%
吉林 东北师范大学
73%
湖北 武汉理工大学
72%
江苏 河海大学
70%
安徽 合肥工业大学
70%
北京 中央财经大学
69%
北京 北京外国语大学
67%
陕西 西北农林科技大学
67%
上海 华东理工大学
66%
上海 上海财经大学
66%
北京 北京林业大学
64%
北京 中国政法大学
64%
湖北 华中农业大学
64%
北京 北京化工大学
63%
北京 北京交通大学
63%
江苏 中国矿业大学
63%
湖北 中南财经政法大学
63%
陕西 长安大学
63%
北京 北京科技大学
61%
陕西 陕西师范大学
61%
上海 东华大学
59%
北京 北京邮电大学
56%
上海 上海外国语大学
56%
江苏 江南大学
56%
北京 对外经济贸易大学
53%
四川 西南交通大学
53%
陕西 西安电子科技大学
53%
江苏 中国药科大学
52%
北京 中央音乐学院
50%
四川 西南财经大学
50%
北京 中国传媒大学
48%
黑龙江 东北林业大学
48%
北京 中央美术学院
44%
北京 中央戏剧学院
41%
山东 中国石油大学(华东)
41%
北京 中国石油大学(北京)
39%
江苏 南京农业大学
39%
北京 北京中医药大学
34%
北京 华北电力大学
34%
北京 中国地质大学(北京)
30%
北京 中国矿业大学(北京)
30%
湖北 中国地质大学(武汉)
28%
北京 北京语言大学
23%
No matching quizzes found
Score Distribution
Percent of People with Each Score
Percentile by Number Answered
Your Score History
You have not taken this quiz